Tài liệu tập huấn nghiệp vụ lưu trữ địa chính

Tài liệu tập huấn nghiệp vụ lưu trữ địa chính cung cấp những kiến thức có liên quan đến các hoạt động giảng dạy về nghiệp vụ lưu trữ địa chính. Nhằm giúp cho mỗi chúng ta hiểu được về nghiệp vụ lưu trữ được tốt hơn và sử dụng nh...

Popoln opis

Shranjeno v:
Bibliografske podrobnosti
Nhiều tác giả của công ty: Trung tâm thông tin lưu trữ địa chính, Sở địa chính Cần Thơ
Format: Knjiga
Jezik:Undetermined
Izdano: Cần Thơ Trung tâm thông tin lưu trữ địa chính 2001
Teme:
Oznake: Označite
Brez oznak, prvi označite!
Thư viện lưu trữ: Trung tâm Học liệu Trường Đại học Cần Thơ
LEADER 01353nam a2200217Ia 4500
001 CTU_156391
008 210402s9999 xx 000 0 und d
082 |a 025.8 
082 |b Tr513 
110 |a Trung tâm thông tin lưu trữ địa chính 
110 |b Sở địa chính Cần Thơ 
245 0 |a Tài liệu tập huấn nghiệp vụ lưu trữ địa chính 
245 0 |c Trung tâm thông tin lưu trữ địa chính 
260 |a Cần Thơ 
260 |b Trung tâm thông tin lưu trữ địa chính 
260 |c 2001 
520 |a Tài liệu tập huấn nghiệp vụ lưu trữ địa chính cung cấp những kiến thức có liên quan đến các hoạt động giảng dạy về nghiệp vụ lưu trữ địa chính. Nhằm giúp cho mỗi chúng ta hiểu được về nghiệp vụ lưu trữ được tốt hơn và sử dụng những tài liệu của các cơ quan nhà nước, tổ chức xã hội và của toàn thể nhân dân. 
650 |a Manuscripts,Paper,Văn bản,Tài liệu 
650 |x Conservation and restoration,Preservation,Lưu trữ và phục hồi,Bảo quản 
904 |i Thiêu, Thi 
980 |a Trung tâm Học liệu Trường Đại học Cần Thơ